[Event "Campinas Labegalini Memoria 16th"]
[Site "Campinas"]
[Date "2009.09.07"]
[Round "11"]
[White "Leme, Rogerio Luis"]
[Black "Nolasco de Moraes, Vitor"]
[Result "0-1"]
[WhiteElo "1764"]
[BlackElo "1900"]
[PlyCount "97"]
[EventDate "2009.08.07"]
[EventType "tourn"]
[EventRounds "11"]
[EventCountry "BRA"]
[SourceTitle "EXT 2022"]
[Source "ChessBase"]
[SourceDate "2021.10.06"]
[SourceVersion "1"]
[SourceVersionDate "2021.10.06"]
[SourceQuality "1"]

1. d4 Nf6 2. Nf3 g6 3. c4 Bg7 4. e3 d5 5. Bd3 Bg4 6. 0-0 0-0 7. Nc3 c6 8. cxd5 cxd5 9. Be2 Bxf3 10. Bxf3 e6 11. Re1 Nc6 12. Qe2 a6 13. b3 Qc7 14. Bb2 Rfc8 15. Rac1 b5 16. Qd3 Qb6 17. h3 Rab8 18. a4 b4 19. Na2 Rc7 20. Rc2 Rbc8 21. Bc1 Nxd4 22. Rxc7 Nxf3+ 23. gxf3 Rxc7 24. Bb2 Nd7 25. Bxg7 Kxg7 26. Rd1 Ne5 27. Qe2 a5 28. Rc1 Rxc1+ 29. Nxc1 Qc6 30. Qb2 Qc3 31. Qxc3 bxc3 32. f4 Nc6 33. Kf1 Nb4 34. Ke2 Kf6 35. Kd1 Kf5 36. Ne2 c2+ 37. Kc1 Ke4 38. Kd2 Kf3 39. Nd4+ Kxf2 40. Nxc2 Nxc2 41. Kxc2 Kxe3 42. b4 Kd4 43. bxa5 Kc5 44. Kc3 f6 45. Kd3 Kc6 46. Kd4 Kb7 47. Kc5 Ka6 48. Kb4 e5 49. fxe5 0-1

[Event "Campinas op 08"]
[Site "Campinas"]
[Date "2009.08.28"]
[Round "1"]
[White "Horta, Marcio Rodrigues"]
[Black "Leme, Rogerio Luis"]
[Result "1-0"]
[WhiteElo "1906"]
[BlackElo "1742"]
[PlyCount "43"]
[EventDate "2009.08.28"]
[EventType "swiss"]
[EventRounds "5"]
[EventCountry "BRA"]
[SourceTitle "EXT 2022"]
[Source "ChessBase"]
[SourceDate "2021.10.06"]
[SourceVersion "1"]
[SourceVersionDate "2021.10.06"]
[SourceQuality "1"]

1. e4 e5 2. Nf3 Nc6 3. Bb5 Nf6 4. Nc3 Be7 5. 0-0 0-0 6. d4 d6 7. Bxc6 bxc6 8. dxe5 dxe5 9. Qxd8 Rxd8 10. Nxe5 Bb7 11. Nd3 Bb4 12. Nxb4 c5 13. Nbd5 Nxd5 14. exd5 Bxd5 15. Be3 c4 16. Rfd1 c6 17. Rd4 Rab8 18. b3 cxb3 19. axb3 Rb7 20. Nxd5 cxd5 21. Rad1 Rbd7 22. c4 1-0

[Event "Campinas Labegalini Memoria 16th"]
[Site "Campinas"]
[Date "2009.08.21"]
[Round "6"]
[White "Leme, Rogerio Luis"]
[Black "Freire, Rodrigo da Silva"]
[Result "1/2-1/2"]
[WhiteElo "1764"]
[BlackElo "2006"]
[PlyCount "91"]
[EventDate "2009.08.07"]
[EventType "tourn"]
[EventRounds "11"]
[EventCountry "BRA"]
[SourceTitle "EXT 2022"]
[Source "ChessBase"]
[SourceDate "2021.10.06"]
[SourceVersion "1"]
[SourceVersionDate "2021.10.06"]
[SourceQuality "1"]

1. e4 d6 2. Nf3 c5 3. Bc4 Nf6 4. d3 Nc6 5. c3 a6 6. a3 b5 7. Ba2 Bg4 8. Bg5 e6 9. h3 Bh5 10. b4 Be7 11. g4 Bg6 12. Nbd2 h6 13. Bh4 Qb6 14. c4 cxb4 15. cxb5 axb5 16. axb4 Nxb4 17. Qb3 Rxa2 18. Rxa2 Nxa2 19. Qxa2 0-0 20. 0-0 Rc8 21. d4 Qb7 22. e5 Nd5 23. Bxe7 Qxe7 24. Qa6 Rb8 25. Re1 dxe5 26. dxe5 Bd3 27. Qd6 Qa7 28. Kg2 Nf4+ 29. Kg3 g5 30. h4 Bc4 31. Nxc4 bxc4 32. hxg5 Nd3 33. Re2 hxg5 34. Qd4 Qxd4 35. Nxd4 Kg7 36. Rc2 Nxe5 37. f4 gxf4+ 38. Kxf4 Nd3+ 39. Ke4 Rc8 40. Nf3 Kg6 41. Kd4 f6 42. Rxc4 Rxc4+ 43. Kxc4 Nf2 44. g5 fxg5 45. Kd4 Kf6 46. Nxg5 1/2-1/2

[Event "Campinas Labegalini Memoria 16th"]
[Site "Campinas"]
[Date "2009.08.07"]
[Round "1"]
[White "Freitas, Romeu Salvador"]
[Black "Leme, Rogerio Luis"]
[Result "1-0"]
[WhiteElo "2204"]
[BlackElo "1764"]
[PlyCount "36"]
[EventDate "2009.08.07"]
[EventType "tourn"]
[EventRounds "11"]
[EventCountry "BRA"]
[SourceTitle "EXT 2022"]
[Source "ChessBase"]
[SourceDate "2021.10.06"]
[SourceVersion "1"]
[SourceVersionDate "2021.10.06"]
[SourceQuality "1"]

1. e4 e6 2. Nf3 d5 3. exd5 exd5 4. d4 Bd6 5. Nc3 Ne7 6. Bd3 Nbc6 7. 0-0 Bg4 8. Re1 Nxd4 9. Be3 Nxf3+ 10. gxf3 Bh5 11. Bd4 0-0 12. Kh1 Nc6 13. Bxh7+ Kxh7 14. Nb5 Nxd4 15. Nxd4 c5 16. Nf5 Qf6 17. Qxd5 Rad8 18. Nxd6 Bxf3+ 1-0

[Event "Campinas op 08"]
[Site "Campinas"]
[Date "2009.08.01"]
[Round "2"]
[White "Leme, Rogerio Luis"]
[Black "Nolasco de Moraes, Vitor"]
[Result "0-1"]
[WhiteElo "2500"]
[BlackElo "1909"]
[PlyCount "82"]
[EventDate "2009.07.31"]
[EventType "swiss"]
[EventRounds "5"]
[EventCountry "BRA"]
[SourceTitle "EXT 2012"]
[Source "ChessBase"]
[SourceDate "2011.11.24"]
[SourceVersion "1"]
[SourceVersionDate "2011.11.24"]
[SourceQuality "1"]

1. d4 Nf6 2. c4 c5 3. Nf3 cxd4 4. Nxd4 Nc6 5. Nc3 g6 6. e4 Qb6 7. Nxc6 Qxc6 8. Bd3 d6 9. 0-0 Bg7 10. Nd5 Be6 11. Bg5 Bxd5 12. exd5 Qc7 13. Qe2 0-0 14. Rac1 Rac8 15. b3 h6 16. Bh4 Nxd5 17. Rfe1 Nf4 18. Qe3 Nxd3 19. Qxd3 Be5 20. Bg3 Bxg3 21. Qxg3 e6 22. Qe3 Kh7 23. Re2 Qc5 24. Qc3 b5 25. b4 Qxc4 26. Rec2 Qe4 27. Qd2 Rxc2 28. Rxc2 Rd8 29. Rc7 Rd7 30. f3 Qb1+ 31. Rc1 Qf5 32. Rc6 Kg7 33. Qe2 Qb1+ 34. Kf2 Qxb4 35. a3 Qd4+ 36. Kg3 Qd5 37. Qc2 a5 38. Rc7 Rxc7 39. Qxc7 b4 40. axb4 axb4 41. Qb8 b3 0-1

[Event "Campinas IRT LCX 15th"]
[Site "Campinas"]
[Date "2009.07.24"]
[Round "1"]
[White "Leme, Rogerio Luis"]
[Black "Mello, Marcos Fernando"]
[Result "1-0"]
[WhiteElo "1742"]
[BlackElo "1556"]
[PlyCount "91"]
[EventDate "2008.07.24"]
[EventType "tourn"]
[EventRounds "11"]
[EventCountry "BRA"]
[SourceTitle "EXT 2022"]
[Source "ChessBase"]
[SourceDate "2021.10.06"]
[SourceVersion "1"]
[SourceVersionDate "2021.10.06"]
[SourceQuality "1"]

1. d4 Nf6 2. Nf3 g6 3. c4 Bg7 4. Nc3 0-0 5. e4 d6 6. Be2 e5 7. d5 Nbd7 8. 0-0 Nc5 9. Qc2 Bg4 10. h3 Bd7 11. Ne1 Qe7 12. Bd2 h6 13. f3 Rad8 14. Nd3 Nxd3 15. Bxd3 Rfe8 16. b4 a6 17. a4 b6 18. Ne2 c6 19. Be3 Rb8 20. dxc6 Bxc6 21. b5 axb5 22. cxb5 Bd7 23. Qb3 Rec8 24. Rfc1 Be6 25. Bc4 Bxc4 26. Rxc4 Qe6 27. Rac1 Rc7 28. Qb4 Rxc4 29. Qxc4 d5 30. Qc7 Nd7 31. exd5 Qxd5 32. Nc3 Qd3 33. Bf2 Qd2 34. Rd1 Qf4 35. Rxd7 Re8 36. Rd8 Rxd8 37. Qxd8+ Kh7 38. Qxb6 Qc1+ 39. Kh2 Qxc3 40. Qc5 Qa5 41. Qc4 Qd2 42. b6 Qxf2 43. b7 Qb2 44. Qb5 Qxb5 45. axb5 e4 46. b8Q 1-0